Catálogo

Vista normal Vista MARC

Entrada Personal Name

Número de registros utilizados en: 2

001 - CONTROL NUMBER

  • control field: 17799

003 - CONTROL NUMBER IDENTIFIER

  • control field: DLC

005 - DATE AND TIME OF LATEST TRANSACTION

  • control field: 20260309113341.0

008 - FIXED-LENGTH DATA ELEMENTS

  • fixed length control field: 901002n| azannaab |a aad

010 ## - LIBRARY OF CONGRESS CONTROL NUMBER

  • LC control number: n 90700205

040 ## - CATALOGING SOURCE

  • Original cataloging agency: DLC
  • Language of cataloging: spa
  • Description conventions: rda
  • Transcribing agency: Mx-PuUPA
  • Modifying agency: DLC
  • Modifying agency: Mx-PuUPA

046 ## - SPECIAL CODED DATES

  • Birth date: 1888

100 1# - HEADING--PERSONAL NAME

  • Personal name: Behrens, Helen,
  • Dates associated with a name: 1888-

374 ## - OCCUPATION

  • Occupation: Autor

375 ## - GENDER

  • Gender: mujer

377 ## - ASSOCIATED LANGUAGE

  • Language code: eng

400 1# - SEE FROM TRACING--PERSONAL NAME

  • Control subfield: nnea
  • Personal name: Behrens, Helen,
  • Dates associated with a name: b. 1888

670 ## - SOURCE DATA FOUND

  • Source citation: nuc90-60033: Her America's treasure, c1963
  • Information found: (hdg. on ODaU-M rept.: Behrens, Helen, 1888- ; usage: Helen Behrens)